Normal view MARC view

Entry Personal Name

Number of records used in: 1

001 - CONTROL NUMBER

  • control field: 3869

003 - CONTROL NUMBER IDENTIFIER

  • control field: OSt

005 - DATE AND TIME OF LATEST TRANSACTION

  • control field: 20211028141616.0

008 - FIXED-LENGTH DATA ELEMENTS

  • fixed length control field: 211028|| aca||aabn | a|a d

040 ## - CATALOGING SOURCE

  • Original cataloging agency: OSt
  • Transcribing agency: OSt

100 ## - HEADING--PERSONAL NAME

  • Personal name: Mathias, Veena Victor; Vanitha, T.
  • Miscellaneous information: 101747

670 ## - SOURCE DATA FOUND

  • Source citation: Work cat.: (OSt): Mathias, Veena Victor; Vanitha, T. 101747, Tulip data city data center operations., 2013